Normal view
MARC view
Entry Topical Term
001 - CONTROL NUMBER
- control field: 1378286
003 - CONTROL NUMBER IDENTIFIER
- control field:
005 - DATE AND TIME OF LATEST TRANSACTION
- control field: 20210701074555.0
008 - FIXED-LENGTH DATA ELEMENTS
- fixed length control field: 210701|| aca||aabn | a|a d
040 ## - CATALOGING SOURCE
- Original cataloging agency:
- Transcribing agency:
150 ## - HEADING--TOPICAL TERM
- Topical term or geographic name entry element: Christain philosophers
- Geographic subdivision: Britain (U.K)
- General subdivision: Biography
- General subdivision: History
670 ## - SOURCE DATA FOUND
- Source citation: Work cat.: ()1483685: Barkeley, George Bishop 1685-1753 1378283, Barkeley, 1st :, 1924
